Normal view
MARC view
- Schonberger R J
Entry Personal Name
001 - CONTROL NUMBER
- control field: 114003
003 - CONTROL NUMBER IDENTIFIER
- control field: OSt
005 - DATE AND TIME OF LATEST TRANSACTION
- control field: 20230125044620.0
008 - FIXED-LENGTH DATA ELEMENTS
- fixed length control field: 230125|| aca||aabn | a|a d
040 ## - CATALOGING SOURCE
- Original cataloging agency: OSt
- Transcribing agency: OSt
100 ## - HEADING--PERSONAL NAME
- Personal name: Schonberger R J
670 ## - SOURCE DATA FOUND
- Source citation: Work cat.: (OSt)91280: Schonberger R J, Word class manufacturing-the lesson of simplicity, 1986